000 00568nam a2200193Ia 4500
008 151121s9999||||xx |||||||||||||| ||und||
082 _a813/बापट
082 _bHNW-79236
100 _aबापट मुकुंद
245 _aविभा
260 _b"सूर्याक्षरविविधा प्रकाशन, पुणे।"
260 _c--
300 _a164
600 _aबापट मुकुंद
630 _aविभा
700 _aबापट मुकुंद
730 _aविभा
942 _cBOOK
999 _c1260621
_d1260618